Sezonní očišťování krátkodobých časových řad s použitím programu "SEZAN"

Očisťovanie mesačných a štvrťročných časových radov od sezónnych vplyvov pri sledovaní vývoja ekonomiky (HDP, hmotné investície, priemerné mzdy, maloobchodný predaj, priemyselná výroba, dovoz, vývoz, cenové indexy, nezamestnanosť) metódou, resp. programom ARIMA, pri krátkosti časových radov vyvinutý...

Descripción completa

Guardado en:
Detalles Bibliográficos
Autor principal: Šujan, I.
Otros Autores: Šujanová, M.
Formato: Capítulo de libro
Lenguaje:checo
Materias:
Etiquetas: Agregar Etiqueta
Sin Etiquetas, Sea el primero en etiquetar este registro!

MARC

LEADER 00000naa a2200000 4500
001 r024229
005 20221205091044.6
041 0 |a cze 
044 |a CZ 
245 1 0 |a Sezonní očišťování krátkodobých časových řad s použitím programu "SEZAN"  |c I. Šujan, M. Šujanová 
520 |a Očisťovanie mesačných a štvrťročných časových radov od sezónnych vplyvov pri sledovaní vývoja ekonomiky (HDP, hmotné investície, priemerné mzdy, maloobchodný predaj, priemyselná výroba, dovoz, vývoz, cenové indexy, nezamestnanosť) metódou, resp. programom ARIMA, pri krátkosti časových radov vyvinutý v Českom štatistickom úrade program SEZAN, jeho odlišnosti od ARIMA. Metódy a postupy uplatňované v programe SEZAN, využitie. Príklady praktických aplikácií na 4 štvrťročných a 8 mesačných časových radoch vybraných makroekonomických ukazovateľov ČR: HDP a stavebná výroba v stálych cenách. 
610 2 0 |a vývoj hospodársky 
610 2 0 |a ukazovatele štatistické 
610 2 0 |a rady časové 
610 2 0 |a sezónnosť 
610 2 0 |a softvér 
610 2 0 |a SEZAN 
610 2 0 |a Česko 
610 2 0 |a produkt domáci hrubý 
610 2 0 |a stavebníctvo 
100 1 |a Šujan, I. 
700 1 |a Šujanová, M.